000 00355nam a2200133Ia 4500
008 210210b1979 xxu||||| |||| 00| 0 eng d
082 _aS891.9 AIYS
100 _aAIYAR (T K Ramachandra
245 _aShort history of sanskrit literature
260 _aPalghat
_bR S Vadhyar & Sons
_c1979
300 _a200
690 _aSanskrit Criticism
906 _a035060
999 _c86058
_d86058